000 01285nam a22002777a 4500
003 OSt
005 20210212152113.0
008 210212s2009 ck ao||gr|||| 00| 0 spa d
040 _aCO-JMCR
_cCO-JMCR
041 0 _aspa
082 0 4 _a553.7 /
_bC133s
_223
100 1 _aCaicedo Herrera, Dalila,
_eautora
_913402
245 1 2 _aSe va acabar el agua en el planeta /
_cDalila Caicedo Herrera ; editado por Manuel Alfonso Guevara Sotomayor, Gloria Yaneth Quiroga Rodríguez
260 _aBogotá :
_bVoluntad,
_c2009
300 _a96 páginas :
_bilustraciones, fotografías a color ;
_c24 cm.
490 _aPlan lector voluntad :
_aCiencia, tecnología y medio ambiente
504 _aBibliografía: páginas 96.
505 _aEl recurso hídrico -- Ubicación del recurso hídrico -- Habitantes del agua -- El agua se agota -- Convenios internacionales frente al uso del recurso hídrico -- Medidas para que el recurso hídrico no se agote -- Aplicación de contenidos
650 1 4 _aAgua
_913403
650 2 4 _aRecursos hídricos
_913404
650 2 4 _aRecursos naturales
_9308
650 2 4 _aConservación del agua
_913405
700 1 _aGuevara Sotomayor, Manuel Alfonso,
_eeditor
_913406
700 1 _aQuiroga Rodríguez, Gloria Yaneth,
_eeditora
_913407
942 _2ddc
_cBK
999 _c7176
_d7176